|
|
|
|
| LEADER |
01136nab a2200313 i 4500 |
| 001 |
publ23683 |
| 005 |
20220218152807.0 |
| 008 |
220218s2021 hu o 0|| Angol d |
| 022 |
|
|
|a 2732-0960
|
| 024 |
7 |
|
|a 10.1556/1647.2021.00014
|2 doi
|
| 024 |
7 |
|
|a 32622808
|2 mtmt
|
| 040 |
|
|
|a SZTE Publicatio Repozitórium
|b hun
|
| 041 |
|
|
|a Angol
|
| 100 |
1 |
|
|a Palásti Péter
|
| 245 |
1 |
4 |
|a The first wave of the COVID-19 pandemic in Southern Hungary
|h [elektronikus dokumentum] :
|b Epidemiology, symptoms and signs /
|c Palásti Péter
|
| 260 |
|
|
|c 2021
|
| 300 |
|
|
|a 142-151
|
| 490 |
0 |
|
|a IMAGING
|v 13 No. 2
|
| 650 |
|
4 |
|a Klinikai orvostan
|
| 700 |
0 |
1 |
|a Visnyovszki Ádám
|e aut
|
| 700 |
0 |
1 |
|a Csizmadia Sándor
|e aut
|
| 700 |
0 |
1 |
|a Matuz Mária
|e aut
|
| 700 |
0 |
1 |
|a Szabó Zsanett
|e aut
|
| 700 |
0 |
1 |
|a Hajdú Edit
|e aut
|
| 700 |
0 |
1 |
|a Vattay Dominika
|e aut
|
| 700 |
0 |
1 |
|a Palkó András
|e aut
|
| 700 |
0 |
1 |
|a Kincses Zsigmond Tamás
|e aut
|
| 700 |
0 |
1 |
|a Fejes Zsuzsanna
|e aut
|
| 856 |
4 |
0 |
|u http://publicatio.bibl.u-szeged.hu/23683/1/3262280827320960-ImagingThefirstwaveoftheCOVID-19pandemicinSouthernHungaryEpidemiologysymptomsandsigns.pdf
|z Dokumentum-elérés
|